[Event "Aragon-chT Preferente Gr II"]
[Site "Aragon"]
[Date "2023.03.18"]
[Round "8.64"]
[White "Juberias Segura, Santiago"]
[Black "Sanjuan Segura, Ignacio"]
[Result "0-1"]
[WhiteElo "2042"]
[BlackElo "1820"]
[PlyCount "81"]
[EventDate "2023.01.28"]
[EventType "team-tourn"]
[EventRounds "9"]
[EventCountry "ESP"]
[SourceTitle "EXT 2024"]
[Source "ChessBase"]
[SourceDate "2023.10.10"]
[SourceVersion "1"]
[SourceVersionDate "2023.10.10"]
[SourceQuality "1"]
[WhiteTeam "Utebo San Lamberto"]
[BlackTeam "Palacio de Pioneros III"]
[WhiteTeamCountry "ESP"]
[BlackTeamCountry "ESP"]

1. c4 Nf6 2. g3 e6 3. Bg2 d5 4. Nf3 Be7 5. 0-0 0-0 6. d4 dxc4 7. Na3 Bxa3 8. bxa3 b5 9. a4 a6 10. Ne5 Nd5 11. e4 Nb6 12. Ba3 Re8 13. Qc2 Qxd4 14. Bb2 Qc5 15. Rfd1 Nxa4 16. Bd4 Qa3 17. Re1 Nb6 18. Re3 Qe7 19. Rf1 f6 20. Nf3 e5 21. Ba1 Nc6 22. Nh4 Nd4 23. Qd1 c5 24. f4 g6 25. f5 g5 26. Nf3 Bb7 27. g4 Rad8 28. Qc1 h6 29. h4 Nxf3+ 30. Bxf3 Rd3 31. Re2 Kg7 32. Rh2 Rh8 33. Rff2 Rdd8 34. Rh3 Nc8 35. Rfh2 Nd6 36. Qe3 Nf7 37. Kg2 Rd3 38. Qe2 Qd6 39. Kg3 gxh4+ 40. Kxh4 Ng5 41. Rg3 0-1

[Event "Aragon-chT Preferente Gr II"]
[Site "Aragon"]
[Date "2023.02.04"]
[Round "2.53"]
[White "Sanjuan Segura, Ignacio"]
[Black "Brosa Soto, Jesus"]
[Result "1/2-1/2"]
[WhiteElo "1820"]
[BlackElo "1938"]
[PlyCount "74"]
[EventDate "2023.01.28"]
[EventType "team-tourn"]
[EventRounds "9"]
[EventCountry "ESP"]
[SourceTitle "EXT 2024"]
[Source "ChessBase"]
[SourceDate "2023.10.10"]
[SourceVersion "1"]
[SourceVersionDate "2023.10.10"]
[SourceQuality "1"]
[WhiteTeam "Palacio de Pioneros III"]
[BlackTeam "Las Fuentes II"]
[WhiteTeamCountry "ESP"]
[BlackTeamCountry "ESP"]

1. d4 d5 2. Nf3 c6 3. e3 Nf6 4. Bd3 Bg4 5. 0-0 Nbd7 6. Nbd2 e6 7. h3 Bh5 8. c3 Bd6 9. e4 dxe4 10. Nxe4 Nxe4 11. Bxe4 Nf6 12. Bc2 Qa5 13. Re1 Rd8 14. g4 Bg6 15. Ne5 Bxe5 16. Rxe5 Qxe5 17. dxe5 Rxd1+ 18. Bxd1 Nd7 19. f4 h5 20. Bf3 hxg4 21. hxg4 f6 22. exf6 gxf6 23. Be3 a6 24. Kg2 Ke7 25. b4 e5 26. f5 Bf7 27. a4 Bd5 28. Rf1 Rg8 29. Kg3 b5 30. a5 Kd6 31. Rh1 Bxf3 32. Kxf3 c5 33. Rd1+ Kc6 34. Rg1 cxb4 35. cxb4 Kd5 36. Rd1+ Kc6 37. Rc1+ Kd5 1/2-1/2

[Event "Aragon-ch"]
[Site "Zaragoza"]
[Date "2022.09.02"]
[Round "7.5"]
[White "Sanjuan Segura, Ignacio"]
[Black "Lorente Melcon, Nicolas"]
[Result "1/2-1/2"]
[WhiteElo "1815"]
[BlackElo "1685"]
[PlyCount "89"]
[EventDate "2022.08.27"]
[EventType "swiss"]
[EventRounds "7"]
[EventCountry "ESP"]
[SourceTitle "EXT 2024"]
[Source "ChessBase"]
[SourceDate "2023.10.10"]
[SourceVersion "1"]
[SourceVersionDate "2023.10.10"]
[SourceQuality "1"]

1. d4 d5 2. Nf3 Nf6 3. Bg5 e6 4. e3 Be7 5. Nbd2 Nbd7 6. Bd3 h6 7. Bh4 0-0 8. 0-0 b6 9. c4 Bb7 10. cxd5 exd5 11. Rc1 c5 12. b3 Rc8 13. Qe2 Ne4 14. Bxe7 Qxe7 15. Rfd1 Rfd8 16. Ba6 Ndf6 17. Bxb7 Qxb7 18. dxc5 Rxc5 19. Nxe4 Nxe4 20. Rxc5 Nxc5 21. h3 Ne4 22. Rc1 Rc8 23. Qb2 Rc7 24. Nd4 Nd6 25. Rc2 Qc8 26. Rxc7 Qxc7 27. Qc2 Qxc2 28. Nxc2 a5 29. Kf1 Kf8 30. f3 Ke7 31. Ke2 Kf6 32. Kd3 Ke5 33. Nd4 f5 34. Nc6+ Ke6 35. Nb8 h5 36. h4 Ne8 37. Nc6 Nd6 38. Nd4+ Ke5 39. Ne2 Ne8 40. Nc3 Nc7 41. f4+ Kd6 42. a3 Ke6 43. Na2 Nb5 44. a4 Nc7 45. b4 1/2-1/2

[Event "Aragon-chT Preferente Gr I"]
[Site "Aragon"]
[Date "2022.03.26"]
[Round "9.45"]
[White "Garcia Acin, Pablo"]
[Black "Sanjuan Segura, Ignacio"]
[Result "1-0"]
[WhiteElo "1757"]
[BlackElo "1681"]
[PlyCount "97"]
[EventDate "2022.01.29"]
[EventType "team-tourn"]
[EventRounds "9"]
[EventCountry "ESP"]
[SourceTitle "EXT 2024"]
[Source "ChessBase"]
[SourceDate "2023.10.10"]
[SourceVersion "1"]
[SourceVersionDate "2023.10.10"]
[SourceQuality "1"]
[WhiteTeam "IberCaja II"]
[BlackTeam "Palacio de Pioneros IV"]
[WhiteTeamCountry "ESP"]
[BlackTeamCountry "ESP"]

1. e4 g6 2. d4 Bg7 3. f4 c6 4. Nf3 d5 5. e5 Nh6 6. Bd3 f6 7. 0-0 Bg4 8. h3 Bxf3 9. Qxf3 0-0 10. Qe2 fxe5 11. dxe5 Nd7 12. Be3 c5 13. c3 Qc7 14. Nd2 a6 15. Nf3 e6 16. g4 Nf7 17. Bc2 b5 18. Rac1 Rab8 19. h4 b4 20. h5 bxc3 21. hxg6 hxg6 22. bxc3 Nfxe5 23. fxe5 Nxe5 24. Ng5 Nc4 25. Rxf8+ Rxf8 26. Kg2 Qe5 27. Re1 Bh6 28. Bc1 Qxe2+ 29. Rxe2 e5 30. Bb3 Rb8 31. Bxc4 dxc4 32. Rxe5 Rb1 33. Bf4 Rb2+ 34. Kf3 Bxg5 35. Rxg5 Rxa2 36. Rxg6+ Kf7 37. Rc6 Ra1 38. Rxc5 a5 39. Rxc4 a4 40. Be5 a3 41. Ra4 a2 42. c4 Rc1 43. Rxa2 Rxc4 44. Ra6 Rc5 45. Kf4 Rc8 46. Kf5 Rd8 47. Ra7+ Kg8 48. Kg6 Re8 49. Rg7+ 1-0